[Event "Perth Major 2019"]
[Site "Perth SCO"]
[Date "2019.02.08"]
[Round "1"]
[White "Kerridge, Simon"]
[Black "Murray, Frankie"]
[Result "1/2-1/2"]
[WhiteElo "1494"]
[BlackElo "1729"]
[PlyCount "102"]
[EventDate "2019.02.08"]

1. g3 f5 2. Bg2 g6 3. Nf3 Nf6 4. d4 Bg7 5. O-O O-O 6. Bf4 d6 7. Nc3 Qe8 8. Qd2
c6 9. Bh6 Na6 10. Bxg7 Kxg7 11. e3 e5 12. dxe5 dxe5 13. Rfd1 e4 14. Nd4 Nc7 15.
b4 Ne6 16. Na4 Nxd4 17. Qxd4 Qf7 18. Nc5 b6 19. Nb3 Be6 20. Qc3 Kg8 21. a3 Nd5
22. Qe5 Rfe8 23. Qb2 Rad8 24. Rd2 Qf6 25. Qxf6 Nxf6 26. Rad1 Rxd2 27. Rxd2 Bxb3
28. cxb3 Ng4 29. Rd7 a5 30. bxa5 bxa5 31. Bf1 Ne5 32. Ra7 Nf3+ 33. Kg2 Ne1+ 34.
Kh3 Re5 35. Bc4+ Kh8 36. Kh4 Nf3+ 37. Kh3 g5 38. Rd7 g4+ 39. Kg2 Rc5 40. a4 Ne5
41. Rd4 Kg7 42. h3 h5 43. h4 Nf3 44. Rd6 Ne5 45. Rd4 Nxc4 46. Rxc4 Rxc4 47.
bxc4 Kf6 48. Kf1 Ke5 49. Ke2 Kd6 50. Kd2 Kc5 51. Kc3 Kd6 1/2-1/2

[Event "Perth Major 2019"]
[Site "Perth SCO"]
[Date "2019.02.08"]
[Round "1"]
[White "Harvey, Steven David"]
[Black "Noble, Raymond"]
[Result "1-0"]
[WhiteElo "1728"]
[BlackElo "1482"]
[PlyCount "133"]
[EventDate "2019.02.08"]

1. e4 c5 2. Nf3 Nc6 3. d3 g6 4. g3 Bg7 5. Bg2 e6 6. O-O d6 7. Nc3 Nge7 8. a4 a6
9. Ne2 Qc7 10. Rb1 b5 11. axb5 axb5 12. Be3 O-O 13. Qd2 Bb7 14. Bh6 Rfc8 15.
Bxg7 Kxg7 16. h4 h6 17. Nf4 Nd4 18. c3 e5 19. cxd4 exf4 20. Qxf4 d5 21. e5 Ng8
22. Bh3 Re8 23. dxc5 d4 24. b4 Ra3 25. Rfd1 Rea8 26. Bg2 Qc6 27. Ne1 Qd7 28.
Bxb7 Qxb7 29. Qxd4 Ra2 30. Ra1 Ne7 31. Rxa2 Rxa2 32. e6+ f6 33. Qd7 Qxd7 34.
exd7 Nc6 35. d4 Ra8 36. Nc2 Rd8 37. d5 Rxd7 38. d6 Kf7 39. Re1 Ne5 40. Kf1 h5
41. Nd4 Nd3 42. Rb1 Ne5 43. Nxb5 Rb7 44. Nd4 Ke8 45. c6 Nxc6 46. Nxc6 Kd7 47.
Ne7 g5 48. hxg5 fxg5 49. Nf5 Rb5 50. Nd4 Rd5 51. Nf3 Kxd6 52. b5 Kc7 53. b6+
Kb7 54. Ke2 Rc5 55. Rb2 Rd5 56. Ke3 Rc5 57. Nd4 h4 58. gxh4 gxh4 59. f4 h3 60.
Nf3 Rc3+ 61. Kf2 Rc4 62. Kg3 Rc3 63. Kg4 Rc4 64. Ng5 h2 65. Rxh2 Kxb6 66. Rd2
Kc6 67. Kf5 1-0

[Event "Perth Major 2019"]
[Site "Perth SCO"]
[Date "2019.02.08"]
[Round "1"]
[White "Gibb, Robert A"]
[Black "Hall, David G"]
[Result "1/2-1/2"]
[WhiteElo "1478"]
[BlackElo "1706"]
[PlyCount "77"]
[EventDate "2019.02.08"]

1. d4 g6 2. c4 Bg7 3. Nc3 c6 4. Nf3 d5 5. e3 Bg4 6. h3 Bxf3 7. Qxf3 e6 8. Qd1
Ne7 9. cxd5 cxd5 10. Bd3 Nbc6 11. O-O O-O 12. a3 e5 13. dxe5 Nxe5 14. Qe2 Nxd3
15. Qxd3 d4 16. exd4 Bxd4 17. Be3 Bxe3 18. Qxe3 Nf5 19. Qf4 Qd4 20. Qxd4 Nxd4
21. Rad1 Rad8 22. Rfe1 Ne6 23. Nb5 Rxd1 24. Rxd1 a6 25. Nc3 Rd8 26. Rxd8+ Nxd8
27. Ne4 f5 28. Nc5 Kf7 29. Kf1 Ke7 30. Ke2 Kd6 31. b4 Kd5 32. Kd3 a5 33. Nd7
axb4 34. axb4 h6 35. Nb6+ Kc6 36. Nc8 Kd7 37. Nb6+ Kc6 38. Nc8 Kd7 39. Nb6+
1/2-1/2

[Event "Perth Major 2019"]
[Site "Perth SCO"]
[Date "2019.02.08"]
[Round "1"]
[White "McRobert, Michael"]
[Black "Clinton, William"]
[Result "1-0"]
[WhiteElo "1469"]
[BlackElo "1682"]
[PlyCount "58"]
[EventDate "2019.02.08"]

1. e4 d5 2. exd5 Nf6 3. Bb5+ Nbd7 4. Be2 Nxd5 5. d4 N7f6 6. c4 Nb6 7. Nc3 Bf5
8. Nf3 e6 9. a3 Be7 10. O-O h6 11. Re1 O-O 12. Bf4 c6 13. Qd2 Ne4 14. Nxe4 Bxe4
15. Ne5 Nd7 16. Bf1 Nxe5 17. Bxe5 Bg6 18. Rad1 Bd6 19. Bd3 Bxd3 20. Qxd3 Bxe5
21. dxe5 Qb6 22. b4 Rad8 23. Qc3 a6 24. c5 Rxd1 25. cxb6 Rfd8 26. Kf1 R8d3 27.
Qc5 Rd5 28. Qe7 Rd7 29. Qe8+ Kh7 1-0

[Event "Perth Major 2019"]
[Site "Perth SCO"]
[Date "2019.02.08"]
[Round "1"]
[White "Aitchison, A Keith"]
[Black "McDade, James"]
[Result "1-0"]
[WhiteElo "1667"]
[BlackElo "1442"]
[PlyCount "80"]
[EventDate "2019.02.08"]

1. e4 e6 2. d4 d5 3. Nc3 dxe4 4. Nxe4 Be7 5. Nf3 Nf6 6. Bd3 Nxe4 7. Bxe4 Nd7 8.
O-O Nf6 9. Bd3 O-O 10. Ne5 c5 11. dxc5 Qc7 12. Re1 Qxc5 13. Qf3 Qd5 14. Qg3 Kh8
15. Bg5 Nh5 16. Qh4 Bxg5 17. Qxh5 h6 18. Nxf7+ Kg8 19. Re5 Qd4 20. Nxg5 hxg5
21. Qh7+ Kf7 22. Qg6+ Kg8 23. Rae1 Qxf2+ 24. Kh1 Rf6 25. Qe8+ Rf8 26. Qh5 Rf6
27. Qh7+ Kf7 28. Qe4 Rb8 29. Rxg5 Bd7 30. Qe2 Qh4 31. Rg4 Qh6 32. Rg3 Bc6 33.
Rf1 Rh8 34. h3 Qh4 35. Kh2 Bd5 36. Rg4 Qh6 37. Qe5 Ke7 38. Qc7+ Kf8 39. Qd8+
Kf7 40. Qd7+ Kg8 1-0

[Event "Perth Major 2019"]
[Site "Perth SCO"]
[Date "2019.02.08"]
[Round "1"]
[White "Washington, Ian"]
[Black "Flood, Raymond"]
[Result "1/2-1/2"]
[WhiteElo "1434"]
[BlackElo "1649"]
[PlyCount "170"]
[EventDate "2019.02.08"]

1. e4 e6 2. d4 d5 3. Be3 dxe4 4. f3 Bd6 5. Nd2 exf3 6. Ngxf3 Nf6 7. Nc4 Nc6 8.
Bd3 b6 9. Qe2 Bb7 10. Bg5 h6 11. Bh4 Be7 12. c3 Nh5 13. Bxe7 Qxe7 14. g3 Nf6
15. O-O-O O-O-O 16. Rhe1 Rhe8 17. Nce5 Nxe5 18. Nxe5 Nd7 19. Nc4 c5 20. Bc2
cxd4 21. cxd4 Nf6 22. Ba4 Rf8 23. Ne5 Nd5 24. Kb1 Kb8 25. Rc1 Ka8 26. Rc2 Rc8
27. Nc6 Qd6 28. Rec1 Bxc6 29. Rxc6 Rxc6 30. Rxc6 Qb4 31. Qa6 Qe1+ 32. Rc1 Qe4+
33. Ka1 Ne7 34. Bc2 Qb7 35. Qd3 Rc8 36. Rf1 Nd5 37. Bb3 Qc6 38. Kb1 Kb8 39. Qd2
Rc7 40. Qd3 Nf6 41. Qd1 Qe4+ 42. Ka1 Rd7 43. Rf4 Qc6 44. Ba4 b5 45. Qc2 Qh1+
46. Qd1 Qxd1+ 47. Bxd1 Rc7 48. Kb1 Nd5 49. Rf3 f6 50. a3 Rc4 51. Rd3 Kc7 52.
Bb3 Rc6 53. Bxd5 exd5 54. Rb3 a6 55. Rf3 Re6 56. Rc3+ Kd7 57. Rc2 Re4 58. Rd2
Ke6 59. Kc2 Kf5 60. Kd3 Kg4 61. Rc2 Kf3 62. Rc7 Re3+ 63. Kd2 Re2+ 64. Kc3 Rxh2
65. Rxg7 Rg2 66. Rg6 Rxg3 67. Rxh6 Ke4+ 68. Kb4 Rf3 69. Kc5 f5 70. Rd6 Rb3 71.
Re6+ Kf3 72. Kxd5 Rxb2 73. Rxa6 f4 74. Rb6 Kf2 75. a4 b4 76. Kc4 f3 77. a5 Ke1
78. a6 f2 79. Rf6 Ra2 80. Kxb4 f1=Q 81. Rxf1+ Kxf1 82. Kb5 Rb2+ 83. Kc6 Rc2+
84. Kb7 Rb2+ 85. Kc6 Rc2+ 1/2-1/2

[Event "Perth Major 2019"]
[Site "Perth SCO"]
[Date "2019.02.08"]
[Round "1"]
[White "Sawaryn, Steve"]
[Black "Zamvar, Vipin"]
[Result "1-0"]
[WhiteElo "1422"]
[BlackElo "1627"]
[PlyCount "41"]
[EventDate "2019.02.08"]

1. e4 c5 2. Nf3 d6 3. d4 cxd4 4. Nxd4 Nf6 5. Nc3 a6 6. Be3 e6 7. f3 Be7 8. Qd2
O-O 9. O-O-O Bd7 10. g4 Nc6 11. h4 Ne5 12. Be2 b5 13. Rdg1 Rc8 14. g5 Ne8 15.
f4 Nc4 16. Bxc4 Rxc4 17. h5 e5 18. Nf5 g6 19. hxg6 fxg6 20. Qd5+ Rf7 21. Nh6+
1-0

[Event "Perth Major 2019"]
[Site "Perth SCO"]
[Date "2019.02.08"]
[Round "1"]
[White "Larkin, John"]
[Black "Wilson, Donald"]
[Result "1-0"]
[WhiteElo "1626"]
[BlackElo "1420"]
[PlyCount "67"]
[EventDate "2019.02.08"]

1. d4 Nf6 2. c4 d6 3. Nc3 g6 4. e4 Bg7 5. Nf3 O-O 6. h3 c6 7. Bd3 Nbd7 8. Bg5
Qc7 9. Rc1 e5 10. d5 c5 11. Qd2 a6 12. O-O Re8 13. Bh6 Nf8 14. Be3 b6 15. Nh2
Kh8 16. f4 Ng8 17. f5 Ra7 18. Ng4 gxf5 19. exf5 f6 20. Ne4 Qd8 21. Ng3 Ree7 22.
Qf2 Bd7 23. Ne4 Be8 24. Qh4 Rf7 25. Rf3 b5 26. b4 bxc4 27. Bxc4 Bb5 28. bxc5
Bxc4 29. Rxc4 dxc5 30. Rxc5 Rac7 31. Nxe5 Rfe7 32. Nc6 Rxc6 33. dxc6 Qc7 34.
Qf4 1-0

[Event "Perth Major 2019"]
[Site "Perth SCO"]
[Date "2019.02.08"]
[Round "1"]
[White "Banarjee, Subhayu"]
[Black "Watson-McFie, Joseph"]
[Result "0-1"]
[WhiteElo "1403"]
[BlackElo "1600"]
[PlyCount "104"]
[EventDate "2019.02.08"]

1. e4 Nf6 2. e5 Nd5 3. d4 d6 4. Nf3 Bg4 5. Be2 Nc6 6. c4 Nb6 7. d5 Bxf3 8. dxc6
Bxc6 9. e6 fxe6 10. O-O Qd7 11. b3 e5 12. Bh5+ g6 13. Bg4 e6 14. Bb2 Bg7 15.
Qc2 O-O 16. Nd2 Rf4 17. Bh3 Raf8 18. f3 Qe7 19. Ne4 Bxe4 20. fxe4 Nd7 21. Rae1
g5 22. g3 Rxf1+ 23. Rxf1 Rxf1+ 24. Kxf1 Qf7+ 25. Kg1 Nf6 26. Qe2 h5 27. Bg2 g4
28. c5 Nd7 29. cxd6 cxd6 30. Ba3 d5 31. exd5 exd5 32. Qb5 Nf6 33. Bb2 e4 34.
Qc5 b6 35. Qc8+ Ne8 36. Bxg7 Kxg7 37. Qc3+ Qf6 38. Qd2 Qe5 39. Qe3 Nf6 40. a4
d4 41. Qe2 d3 42. Qe3 Qc5 43. Qxc5 bxc5 44. Kf2 Kg6 45. Ke3 Kf5 46. h3 a5 47.
Kd2 Ke5 48. Ke3 Nd5+ 49. Kd2 Kd4 50. hxg4 hxg4 51. Bf1 e3+ 52. Kd1 Nc3+ 0-1

[Event "Perth Major 2019"]
[Site "Perth SCO"]
[Date "2019.02.08"]
[Round "1"]
[White "Monaghan, Mark"]
[Black "Doris, Peter"]
[Result "1-0"]
[WhiteElo "1697"]
[BlackElo "1477"]
[PlyCount "51"]
[EventDate "2019.02.08"]

1. d4 Nf6 2. c4 e6 3. Nc3 Bb4 4. Qc2 O-O 5. e3 b6 6. Nf3 Bb7 7. Bd3 Ne4 8. Bxe4
Bxc3+ 9. bxc3 Bxe4 10. Qxe4 d5 11. cxd5 exd5 12. Qd3 Nd7 13. O-O Nf6 14. c4 c6
15. Ne5 Qc7 16. Ba3 Rfe8 17. cxd5 cxd5 18. Rac1 Qb7 19. Rc2 Rac8 20. Rfc1 Rxc2
21. Qxc2 Nd7 22. Qc6 Qxc6 23. Rxc6 Nxe5 24. dxe5 g6 25. Bd6 Ra8 26. Be7 1-0

[Event "Perth Major 2019"]
[Site "Perth SCO"]
[Date "2019.02.08"]
[Round "1"]
[White "Dowling, Richard"]
[Black "McMillan, Andrew"]
[Result "0-1"]
[WhiteElo "1596"]
[BlackElo "1393"]
[PlyCount "56"]
[EventDate "2019.02.08"]

1. e4 e5 2. Nf3 Nc6 3. d4 exd4 4. Nxd4 Nf6 5. Nxc6 bxc6 6. Bd3 Bc5 7. Bg5 d6 8.
O-O Rb8 9. b3 a5 10. c3 Be6 11. Nd2 h6 12. Bh4 Qe7 13. Qf3 g5 14. Bg3 Bg4 15.
Bxd6 Bxd6 16. Qe3 Bf4 17. Qe1 Rd8 18. g3 Rxd3 19. gxf4 Bh3 20. e5 Nd5 21. f5
Bxf1 22. Qxf1 Rxd2 23. c4 Nf4 24. Qe1 Qd7 25. h3 Qd3 26. e6 fxe6 27. fxe6 Qxh3
28. Qe4 Ne2+ 0-1

[Event "Perth Major 2019"]
[Site "Perth SCO"]
[Date "2019.02.08"]
[Round "1"]
[White "McRobert, George R"]
[Black "Le, Feuvre Gwenole"]
[Result "0-1"]
[WhiteElo "1373"]
[BlackElo "1595"]
[PlyCount "88"]
[EventDate "2019.02.08"]

1. e4 c5 2. d4 cxd4 3. c3 dxc3 4. Nxc3 Nc6 5. Bc4 e6 6. Nf3 a6 7. O-O d6 8. Bf4
Be7 9. Qe2 b5 10. Bb3 Ra7 11. Rac1 Na5 12. Bc2 Nf6 13. b3 O-O 14. e5 dxe5 15.
Nxe5 Bb7 16. Rfd1 Qa8 17. f3 Nc6 18. Ne4 Nd5 19. Rxd5 exd5 20. Nxc6 Bxc6 21.
Ng3 Re8 22. Qd3 g6 23. Nf5 Bf6 24. Nh6+ Kh8 25. Bb1 Rae7 26. Bg3 Bd7 27. h4 Kg7
28. Ng4 Bf5 29. Qd1 Bxb1 30. Nxf6 Qa7+ 31. Kh2 Kxf6 32. Rxb1 d4 33. h5 Qc5 34.
hxg6 hxg6 35. Rc1 Qd5 36. Kg1 d3 37. Bh4+ g5 38. f4 gxh4 39. Qg4 Re1+ 40. Rxe1
Rxe1+ 41. Kh2 d2 42. Qxh4+ Ke6 43. Qh6+ Kd7 44. Qh3+ Kc7 0-1

[Event "Perth Major 2019"]
[Site "Perth SCO"]
[Date "2019.02.08"]
[Round "1"]
[White "Robertson, Jim"]
[Black "Wilson, Graham"]
[Result "1-0"]
[WhiteElo "1595"]
[BlackElo "1362"]
[PlyCount "121"]
[EventDate "2019.02.08"]

1. d4 d5 2. e3 Nf6 3. Bd3 e6 4. f4 c5 5. c3 Nc6 6. Nf3 c4 7. Bc2 Qc7 8. Nbd2 b5
9. Ne5 b4 10. O-O Bb7 11. Qe2 Be7 12. e4 a5 13. Ng4 dxe4 14. Nxf6+ Bxf6 15.
Nxe4 Be7 16. f5 O-O 17. f6 g6 18. fxe7 Nxe7 19. Nf6+ Kg7 20. Qe5 Qxe5 21. dxe5
Rfd8 22. Be4 Bxe4 23. Nxe4 Nc6 24. Bg5 Rd5 25. Bf6+ Kg8 26. Rad1 bxc3 27. Nxc3
Rc5 28. Rfe1 Rb8 29. Rd2 Nb4 30. Red1 Rcc8 31. Rd8+ Rxd8 32. Rxd8+ Rxd8 33.
Bxd8 h6 34. Bxa5 Nc6 35. Bc7 Kg7 36. Ne4 Nb4 37. b3 cxb3 38. axb3 Nd5 39. Bd6
g5 40. b4 Kg6 41. b5 Kf5 42. Nf6 Nb6 43. Kf2 Nc4 44. Kf3 Nxe5+ 45. Bxe5 Kxe5
46. Kg4 Kd6 47. Kh5 Kc5 48. Kxh6 Kxb5 49. Kxg5 Kc6 50. h4 Kd6 51. h5 Ke7 52.
Nd7 f6+ 53. Nxf6 Kf7 54. Ng4 Kg7 55. Kf4 Kf7 56. Ke5 Ke7 57. h6 Kf7 58. Nf6 Kf8
59. g4 Kf7 60. g5 Kf8 61. g6 1-0

[Event "Perth Major 2019"]
[Site "Perth SCO"]
[Date "2019.02.08"]
[Round "1"]
[White "Fay, Craig"]
[Black "Burke, David"]
[Result "1-0"]
[WhiteElo "1350"]
[BlackElo "1570"]
[PlyCount "87"]
[EventDate "2019.02.08"]

1. d4 Nf6 2. c4 g6 3. Bg5 Bg7 4. Nc3 d6 5. e4 O-O 6. Nf3 c5 7. dxc5 Qa5 8. cxd6
exd6 9. Bd3 Bg4 10. Qa4 Qxa4 11. Nxa4 Nxe4 12. Bxe4 Re8 13. Nd2 Bd7 14. Be3
Rxe4 15. Nxe4 Bxa4 16. Nxd6 Bc6 17. O-O Nd7 18. Rfd1 b6 19. Bd4 Bf8 20. Bc3 Nc5
21. f3 f5 22. Nb5 Ne6 23. Nd4 Nxd4 24. Bxd4 Rc8 25. b3 Kf7 26. Re1 Rc7 27. Rad1
Bb4 28. Re2 Rd7 29. Rd3 Rxd4 30. Rxd4 Bc5 31. Red2 Bxd4+ 32. Rxd4 Ke7 33. Kf2
g5 34. g3 h6 35. f4 g4 36. Ke3 h5 37. Kd2 a5 38. a3 Bd7 39. b4 axb4 40. axb4
Be6 41. c5 bxc5 42. bxc5 Ke8 43. c6 Ke7 44. c7 1-0

[Event "Perth Major 2019"]
[Site "Perth SCO"]
[Date "2019.02.08"]
[Round "1"]
[White "Roth, Michael J"]
[Black "Sandham, Alasdair"]
[Result "0-1"]
[WhiteElo "1551"]
[BlackElo "1348"]
[PlyCount "52"]
[EventDate "2019.02.08"]

1. Nf3 d5 2. d4 Nf6 3. c4 e6 4. Nc3 Be7 5. e3 O-O 6. Bd3 dxc4 7. Bxc4 a6 8. O-O
b5 9. Bd3 Bb7 10. Ne5 Nbd7 11. Qc2 c5 12. Nxd7 Qxd7 13. dxc5 Bxc5 14. e4 Rfd8
15. Rd1 Nxe4 16. Be3 Bxe3 17. Nxe4 Rac8 18. Nf6+ gxf6 19. Bxh7+ Kg7 20. Rxd7
Rxc2 21. Rxd8 Bxf2+ 22. Kf1 Kxh7 23. Rd7 Bd5 24. b3 Bxg2+ 25. Kxg2 Bd4+ 26. Kf3
Bxa1 0-1

[Event "Perth Major 2019"]
[Site "Perth SCO"]
[Date "2019.02.09"]
[Round "2"]
[White "Le, Feuvre Gwenole"]
[Black "Harvey, Steven David"]
[Result "0-1"]
[WhiteElo "1595"]
[BlackElo "1728"]
[PlyCount "122"]
[EventDate "2019.02.08"]

1. e4 c5 2. Nf3 Nc6 3. d4 cxd4 4. c3 dxc3 5. Nxc3 e6 6. Bc4 a6 7. O-O d6 8. Qe2
Nf6 9. Rd1 Qc7 10. Be3 Be7 11. Bb3 O-O 12. Rac1 Bd7 13. Na4 Qa5 14. Nb6 Rad8
15. Nc4 Qh5 16. Bb6 Rc8 17. Nxd6 Bxd6 18. Rxd6 Nd4 19. Bxd4 Rxc1+ 20. Bd1 Bb5
21. Qd2 Nxe4 22. Qxc1 Nxd6 23. Qf4 Rd8 24. Bc2 Qh6 25. Qxh6 gxh6 26. Ne5 Nf5
27. Bc3 Nd4 28. Bd1 Nc6 29. Bh5 Nxe5 30. Bxe5 Rd5 31. f4 f6 32. Bg4 Kf7 33. Bc3
Bc6 34. Kf2 e5 35. Bf3 Rc5 36. Bxc6 bxc6 37. fxe5 fxe5 38. Ke3 Ke6 39. Ke4 Rc4+
40. Kd3 Rf4 41. Ke3 Kd5 42. g3 Rf1 43. a3 e4 44. Ba5 Rf3+ 45. Ke2 Kc4 46. Bc7
h5 47. Bf4 Kd5 48. Be3 Rf7 49. h4 Rf3 50. Bf4 Rb3 51. Bc1 Rxg3 52. Kf2 Rf3+ 53.
Ke2 Ke5 54. Bd2 Rh3 55. Be1 Rh2+ 56. Ke3 Rh1 57. Ke2 Kf4 58. b4 Rh2+ 59. Kf1
Kf3 60. Kg1 Ra2 61. a4 Rxa4 0-1

[Event "Perth Major 2019"]
[Site "Perth SCO"]
[Date "2019.02.09"]
[Round "2"]
[White "Robertson, Jim"]
[Black "Monaghan, Mark"]
[Result "1/2-1/2"]
[WhiteElo "1595"]
[BlackElo "1697"]
[PlyCount "45"]
[EventDate "2019.02.08"]

1. d4 Nf6 2. e3 d5 3. Bd3 Bg4 4. Ne2 e6 5. f4 c5 6. c3 Nc6 7. O-O Be7 8. Nd2
O-O 9. Nf3 Rc8 10. Ne5 Bxe2 11. Qxe2 Ne4 12. Nxc6 Rxc6 13. f5 exf5 14. Rxf5 Rh6
15. Rh5 Qd6 16. dxc5 Nxc5 17. Rxh6 Qxh6 18. e4 Bg5 19. Bxg5 Qxg5 20. exd5 Qxd5
21. Bc2 g6 22. b3 Ne6 23. Qf2 1/2-1/2

[Event "Perth Major 2019"]
[Site "Perth SCO"]
[Date "2019.02.09"]
[Round "2"]
[White "McMillan, Andrew"]
[Black "Aitchison, A Keith"]
[Result "1/2-1/2"]
[WhiteElo "1393"]
[BlackElo "1667"]
[PlyCount "48"]
[EventDate "2019.02.08"]

1. e4 c6 2. Nc3 d5 3. Nf3 dxe4 4. Nxe4 Bg4 5. h3 Bxf3 6. Qxf3 Nd7 7. d4 Ngf6 8.
Nxf6+ Nxf6 9. c3 e6 10. Bd3 Be7 11. O-O Qd5 12. Qg3 O-O-O 13. Re1 Bd6 14. Qg5
h6 15. Qxd5 Nxd5 16. a3 Rhe8 17. c4 Nf6 18. b4 c5 19. dxc5 Bxc5 20. Be3 Bxe3
21. Rxe3 Rd4 22. b5 Red8 23. Be2 Nd7 24. Rd1 Rxd1+ 1/2-1/2

[Event "Perth Major 2019"]
[Site "Perth SCO"]
[Date "2019.02.09"]
[Round "2"]
[White "Barron-Majerik, Jan"]
[Black "Sawaryn, Steve"]
[Result "1-0"]
[WhiteElo "1629"]
[BlackElo "1422"]
[PlyCount "111"]
[EventDate "2019.02.08"]

1. d4 Nf6 2. Nf3 g6 3. Bf4 Bg7 4. e3 d6 5. h3 Nbd7 6. Bd3 c5 7. c3 O-O 8. O-O
Nb6 9. Nbd2 Be6 10. Ng5 Qc8 11. Re1 c4 12. Bc2 Bd7 13. Qe2 Nh5 14. Bh2 h6 15.
Nge4 f5 16. Ng3 Nf6 17. Ndf1 Qc6 18. e4 fxe4 19. Nxe4 Bf5 20. Nxf6+ Bxf6 21.
Bxf5 gxf5 22. Qe6+ Rf7 23. Ne3 Qe4 24. Qxf5 Qxf5 25. Nxf5 Kh7 26. Re6 Nd5 27.
a4 Raf8 28. Bg3 Nc7 29. Re4 h5 30. Bh4 d5 31. Re3 Bxh4 32. Nxh4 e6 33. Nf3 Kh6
34. Rf1 Rg7 35. Ne5 Rf4 36. g3 Rf8 37. f4 Ne8 38. Kh2 Nd6 39. Nf3 Ne4 40. Ng5
Rfg8 41. Nxe4 dxe4 42. Rg1 Kg6 43. Rxe4 Kf6 44. Re5 h4 45. g4 b6 46. Rge1 Re7
47. d5 Rge8 48. g5+ Kf7 49. Rxe6 Rxe6 50. Rxe6 Rxe6 51. dxe6+ Kxe6 52. Kg2 Kf5
53. Kf3 a6 54. Ke3 b5 55. axb5 axb5 56. Kd4 1-0

[Event "Perth Major 2019"]
[Site "Perth SCO"]
[Date "2019.02.09"]
[Round "2"]
[White "Sandham, Alasdair"]
[Black "Larkin, John"]
[Result "1-0"]
[WhiteElo "1348"]
[BlackElo "1626"]
[PlyCount "77"]
[EventDate "2019.02.08"]

1. d4 d5 2. Bf4 c5 3. e3 e6 4. Nd2 Nc6 5. c3 Nf6 6. Ngf3 Be7 7. Bd3 O-O 8. Ne5
g6 9. h4 Nh5 10. Bh6 Nxe5 11. dxe5 Ng7 12. h5 Qe8 13. Qg4 f5 14. exf6 Rxf6 15.
Bxg7 Kxg7 16. hxg6 hxg6 17. Qh4 Qg8 18. Qh6+ Kf7 19. Bb5 Qg7 20. Qh7 a6 21. Ba4
e5 22. Be8+ Kf8 23. Ba4 b5 24. Bb3 c4 25. Bc2 Bd6 26. Ke2 e4 27. f3 Qxh7 28.
Rxh7 Rf7 29. Rxf7+ Kxf7 30. fxe4 dxe4 31. Nxe4 Be7 32. Rf1+ Kg7 33. b3 Bf5 34.
bxc4 bxc4 35. Rb1 Bf8 36. Rb7+ Kh6 37. Kf3 a5 38. g4 Be6 39. g5+ 1-0

[Event "Perth Major 2019"]
[Site "Perth SCO"]
[Date "2019.02.09"]
[Round "2"]
[White "Watson-McFie, Joseph"]
[Black "McRobert, Michael"]
[Result "1-0"]
[WhiteElo "1600"]
[BlackElo "1469"]
[PlyCount "75"]
[EventDate "2019.02.08"]

1. e4 c5 2. Nf3 d6 3. d4 cxd4 4. Qxd4 Bd7 5. c4 Nc6 6. Qd2 Nf6 7. Nc3 g6 8. Be2
Bg7 9. O-O O-O 10. Rd1 Rc8 11. Rb1 Qb6 12. b3 Ng4 13. Rf1 Qa5 14. b4 Qh5 15. h3
Bxc3 16. Qxc3 Nf6 17. Qd3 Ne5 18. Nxe5 Qxe5 19. Bf3 b5 20. c5 dxc5 21. bxc5
Rxc5 22. Bb2 Qc7 23. e5 Bf5 24. Qd2 Ne4 25. Bxe4 Bxe4 26. Rbc1 Rc2 27. Qb4 Qc4
28. Qxe7 Qxa2 29. Ba3 Ra8 30. Rxc2 Qxc2 31. Rc1 Qd2 32. Rc7 Qe1+ 33. Kh2 Qxf2
34. Qg5 a5 35. Bd6 b4 36. Rd7 Kg7 37. e6 Qa2 38. Be5+ 1-0

[Event "Perth Major 2019"]
[Site "Perth SCO"]
[Date "2019.02.09"]
[Round "2"]
[White "Samson, Will J"]
[Black "Fay, Craig"]
[Result "0-1"]
[WhiteElo "1797"]
[BlackElo "1350"]
[PlyCount "120"]
[EventDate "2019.02.08"]

1. d4 e6 2. Nf3 f5 3. g3 Nf6 4. Bg5 Be7 5. Bxf6 Bxf6 6. Bg2 d6 7. c3 O-O 8. Qb3
c5 9. dxc5 dxc5 10. Nbd2 Qb6 11. Qc2 Nc6 12. O-O e5 13. Nc4 Qc7 14. Rfd1 Be6
15. Ne3 e4 16. Nd2 Bg5 17. Nxf5 Bxf5 18. Qb3+ Qf7 19. Nxe4 Qxb3 20. axb3 Bxe4
21. Bxe4 Rfd8 22. Bd5+ Kf8 23. f4 Bf6 24. e4 Ne7 25. Kf1 Nxd5 26. Rxd5 Rxd5 27.
exd5 a6 28. Rd1 Rd8 29. Rd2 Be7 30. Ke2 Re8 31. Kf3 Bd6 32. Re2 Rxe2 33. Kxe2
Kf7 34. Kf3 Kf6 35. h4 h5 36. Ke4 b5 37. c4 b4 38. Ke3 Kf5 39. Kf3 g6 40. Ke3
Be7 41. Kf3 Bf6 42. d6 Bxb2 43. d7 Bf6 44. Ke3 Be7 45. Kf3 Ke6 46. Ke4 Bd8 47.
Kf3 Kxd7 48. g4 Ke6 49. f5+ gxf5 50. g5 Ke5 51. Ke3 f4+ 52. Kf3 Kf5 53. Ke2 Kg4
54. g6 Bf6 55. Kf2 Kxh4 56. Kf3 Kg5 57. Ke4 h4 58. Kd5 Bd4 59. g7 Bxg7 60. Kxc5
h3 0-1

[Event "Perth Major 2019"]
[Site "Perth SCO"]
[Date "2019.02.09"]
[Round "2"]
[White "Birkett, Callum"]
[Black "Gibb, Robert A"]
[Result "0-1"]
[WhiteElo "1742"]
[BlackElo "1478"]
[PlyCount "114"]
[EventDate "2019.02.08"]

1. e4 c6 2. d4 d5 3. e5 c5 4. Be3 cxd4 5. Qxd4 e6 6. a3 Nc6 7. Bb5 Bd7 8. Bxc6
Bxc6 9. Nf3 Nh6 10. Bxh6 gxh6 11. Qg4 Qb6 12. b4 O-O-O 13. Nd4 Qc7 14. Nxc6
Qxc6 15. Qd4 Kb8 16. c3 Rg8 17. g3 h5 18. Qh4 Bg7 19. O-O Bxe5 20. Qxh5 Qc7 21.
Ra2 f6 22. Kh1 Qc4 23. Re2 Rg5 24. Qf3 Rf5 25. Qe3 Qc6 26. Kg1 Re8 27. h4 Qc4
28. f4 Bc7 29. Kh2 e5 30. Nd2 Qc6 31. g4 Bb6 32. Qh3 Rxf4 33. Rxf4 exf4 34.
Rxe8+ Qxe8 35. Qf3 Qe1 36. Nf1 Qxh4+ 37. Kg2 Qg5 38. Nd2 h5 39. Kh3 hxg4+ 40.
Qxg4 Qh6+ 41. Kg2 Qg5 42. Kf3 Qxg4+ 43. Kxg4 Be3 44. Nf3 Kc7 45. Kf5 Kc6 46. a4
a5 47. bxa5 Kc5 48. Kxf6 Kc4 49. Ke5 Kxc3 50. Kxd5 Kb4 51. Ne1 Kxa5 52. Ke4
Kxa4 53. Nd3 b5 54. Nb2+ Ka3 55. Nd1 Kb3 56. Kd3 b4 57. Ke4 Kc2 0-1

[Event "Perth Major 2019"]
[Site "Perth SCO"]
[Date "2019.02.09"]
[Round "2"]
[White "Murray, Frankie"]
[Black "Harkins, William"]
[Result "1-0"]
[WhiteElo "1729"]
[BlackElo "1438"]
[PlyCount "82"]
[EventDate "2019.02.08"]

1. c4 c6 2. g3 d6 3. Bg2 Qc7 4. Nf3 e5 5. d4 Bg4 6. Nc3 Nd7 7. O-O Ngf6 8. h3
Bh5 9. e4 Be7 10. Be3 O-O 11. Qd2 Rfe8 12. d5 Nf8 13. b4 Qd7 14. Rad1 Bxf3 15.
Bxf3 Qxh3 16. Bg2 Qh5 17. f3 Qg6 18. Kf2 Nh5 19. Ne2 Nxg3 20. Rg1 Bh4 21. Nxg3
Bxg3+ 22. Kf1 f5 23. Bh1 f4 24. Bf2 Qh5 25. Bxg3 fxg3 26. Qg2 cxd5 27. Qxg3 Qh6
28. cxd5 Rac8 29. Qg2 Rc4 30. b5 Rec8 31. Qd2 Qh4 32. Qg2 Qh6 33. Qd2 Qf6 34.
Qe3 b6 35. Bg2 Rc3 36. Qf2 Qf4 37. Rd2 Ng6 38. Bh1 Rc1+ 39. Ke2 Rxg1 40. Qxg1
Qh4 41. Qg4 Nf4+ 1-0

[Event "Perth Major 2019"]
[Site "Perth SCO"]
[Date "2019.02.09"]
[Round "2"]
[White "Hall, David G"]
[Black "Washington, Ian"]
[Result "1-0"]
[WhiteElo "1706"]
[BlackElo "1434"]
[PlyCount "105"]
[EventDate "2019.02.08"]

1. d4 b5 2. Nd2 Nc6 3. Ngf3 Nf6 4. g3 Bb7 5. c3 e6 6. Bg2 b4 7. O-O bxc3 8.
bxc3 d5 9. Rb1 Bc8 10. Qa4 Bd7 11. Qa6 Nb8 12. Qd3 c5 13. c4 Be7 14. Ba3 Na6
15. cxd5 Nxd5 16. Qxa6 Nc3 17. Rb2 O-O 18. Ne5 Nd5 19. Nxd7 Qxd7 20. Rb7 Qc8
21. Rfb1 Nb4 22. Qc4 Bg5 23. Bxb4 cxb4 24. Rc7 Bxd2 25. Rxc8 Raxc8 26. Qa6 Rc7
27. Bb7 Rb8 28. Bf3 Rb6 29. Qa4 g6 30. a3 Rd6 31. e3 bxa3 32. Qxa3 Rb6 33. Rxb6
axb6 34. Qb2 Ba5 35. Kg2 Rc4 36. Be2 Rb4 37. Qc2 Kg7 38. Kf3 h5 39. h4 Kf6 40.
Bd3 Ke7 41. Qc7+ Kf6 42. Qe5+ Ke7 43. Qg5+ Kd7 44. g4 hxg4+ 45. Kxg4 Rb2 46.
Qf6 Ke8 47. Bxg6 fxg6 48. Qxe6+ Kd8 49. d5 Rxf2 50. d6 Rg2+ 51. Kf3 Rd2 52.
Qe7+ Kc8 53. Qc7# 1-0